• 首页
  • 本馆介绍
  • 公告通知
  • 最新文献
  • 馆藏检索
  • 电子资源
  • 读者导购
  • 参考咨询
  • 我的图书馆
  • 登录
  • 详细信息显示
  • 放入我的书架
  • 预约/预借图书
  • 作者相关作品
  • 分类相关作品
  • 丛书相关作品
  • 出版社相关作品

书目信息

  • 表格格式
  • 工作单格式
  • 卡片格式
题名:
民歌笔记
    
 
作者: 魏小石 著
分册:  
出版信息: 北京   电子工业出版社  2016
页数: 319页
开本: 21cm
丛书名:
单 册:
中图分类: J607.1
科图分类:
主题词: 民间音乐--min jian yin le--介绍--世界
电子资源:
ISBN: 978-7-121-29589-8
000 00939nam0 22002651 450
001 0102093648
005 20170402093648.0
010    @a978-7-121-29589-8@dCNY49.80
100    @a20161104d2016 em y0chiy50 ea
101 0  @achi
102    @aCN@b110000
105    @aa z 000yy
106    @ar
200 1  @a民歌笔记@Amin ge bi ji@dFolksong linernotes@e田野中的音乐档案@f魏小石著@zeng
210    @a北京@c电子工业出版社@d2016
215    @a319页@c图,照片@d21cm
300    @a旅行家游观系列
330    @a本书是作者多年从事音乐电台行业的所思所想,从字里行间流露出的感性话语,讲述了无数个与音乐有关的人和事,带着读者进入一次音乐的旅行。
510 1  @aFolksong linernotes@zeng
517 1  @a田野中的音乐档案@Atian ye zhong de yin le dang an
606 0  @a民间音乐@Amin jian yin le@x介绍@y世界
690    @aJ607.1@v5
701  0 @a魏小石@Awei xiao shi@f(1982~)@4著
801  0 @aCN@bTANGWEI@c20170308
905    @b0964684-6@dJ607.1@e754@f3
    
    民歌笔记=Folksong linernotes:田野中的音乐档案/魏小石著.-北京:电子工业出版社,2016
    319页:图,照片;21cm
    旅行家游观系列
    
    ISBN 978-7-121-29589-8:CNY49.80
    本书是作者多年从事音乐电台行业的所思所想,从字里行间流露出的感性话语,讲述了无数个与音乐有关的人和事,带着读者进入一次音乐的旅行。
●
相关链接 在E读中查询图书 在五车中查询图书 在当当中查询图书 在豆瓣中查询图书


正题名:民歌笔记     索取号:J607.1/754         预约/预借

序号 登录号 条形码 馆藏地/架位号 状态 备注
1 0964684   209646846   第一样本阅览室/ [索取号:J607.1/754] 在馆    
2 0964685   209646855   第一借阅区/ [索取号:J607.1/754] 在馆    
3 0964686   209646864   第一借阅区/ [索取号:J607.1/754] 在馆    
唐山师范学院图书馆 欢迎您!
大连网信软件有限公司© 版权所有